Online business computer applications / (Record no. 176018)

000 -LEADER
fixed length control field 01132 a2200205 4500
003 - CONTROL NUMBER IDENTIFIER
control field Nust
005 - DATE AND TIME OF LATEST TRANSACTION
control field 20230116094203.0
010 ## - LIBRARY OF CONGRESS CONTROL NUMBER
LC control number 90043499
020 ## - INTERNATIONAL STANDARD BOOK NUMBER
International Standard Book Number 0029465087
040 ## - CATALOGING SOURCE
Transcribing agency Nust
082 00 - DEWEY DECIMAL CLASSIFICATION NUMBER
Classification number 658.05,ELI
100 1# - MAIN ENTRY--PERSONAL NAME
Personal name Eliason, Alan L.
9 (RLIN) 106837
245 10 - TITLE STATEMENT
Title Online business computer applications /
Statement of responsibility, etc. Alan L. Eliason.
250 ## - EDITION STATEMENT
Edition statement 3rd ed.
260 ## - PUBLICATION, DISTRIBUTION, ETC.
Place of publication, distribution, etc. New York :
Name of publisher, distributor, etc. Macmillan Pub. Co. ;
Place of publication, distribution, etc. Toronto :
Name of publisher, distributor, etc. Collier Macmillan Canada ;
Place of publication, distribution, etc. New York :
Name of publisher, distributor, etc. Maxwell Macmillan International,
Date of publication, distribution, etc. c1991.
300 ## - PHYSICAL DESCRIPTION
Extent ix, 534 p. :
Other physical details ill. ;
Dimensions 24 cm.
505 ## - FORMATTED CONTENTS NOTE
Formatted contents note Introduction (Page- 3), Properties of Online Applications (Page- 29), Online Systems Design (Page- 63), Customer Invoicing (Page- 99), Customer Cash Receipts (Page- 139), Accounts Receivable (Page- 171), Accounts Payable (Page- 207), Fixed Assets (Page- 241), Employee Payroll (Page- 273), Customer Order Entry (Page- 315), Finish-Goods Entry (Page- 353), Purchasing and Receiving (Page- 391), General Ledger (Page- 423), Budget and Profit Planning (Page- 457), Sales Analysis and Market Planning (Page- 487).
650 #0 - SUBJECT ADDED ENTRY--TOPICAL TERM
Topical term or geographic name entry element Business
General subdivision Data processing.
9 (RLIN) 3217
942 ## - ADDED ENTRY ELEMENTS (KOHA)
Koha item type Book
Source of classification or shelving scheme
Holdings
Withdrawn status Lost status Source of classification or shelving scheme Damaged status Not for loan Permanent Location Current Location Shelving location Date acquired Full call number Barcode Date last seen Price effective from Koha item type Public note Total Checkouts
          Military College of Signals (MCS) Military College of Signals (MCS) General Stacks 12/12/2016 658.05,ELI MCS405 12/08/2016 12/12/2016 Book Almirah No.42, Shelf No.5  
          Military College of Signals (MCS) Military College of Signals (MCS) General Stacks 01/16/2023 658.05,ELI MCS404 01/16/2023 01/16/2023 Book Almirah No.42, Shelf No.5  
          Military College of Signals (MCS) Military College of Signals (MCS) General Stacks 01/16/2023 658.05,ELI MCS403 01/16/2023 01/16/2023 Book Almirah No.42, Shelf No.5  
© 2023 Central Library, National University of Sciences and Technology. All Rights Reserved.